Concise history of western music / (Record no. 2514)
[ view plain ]
| 000 -LEADER | |
|---|---|
| fixed length control field | 00544nam a22001937a 4500 |
| 001 - CONTROL NUMBER | |
| control field | 2514 |
| 003 - CONTROL NUMBER IDENTIFIER | |
| control field | BD-DhBUF |
| 005 - DATE AND TIME OF LATEST TRANSACTION | |
| control field | 20250825161325.0 |
| 008 - FIXED-LENGTH DATA ELEMENTS--GENERAL INFORMATION | |
| fixed length control field | 250825b bg ||||| |||| 00| 0 ben d |
| 020 ## - INTERNATIONAL STANDARD BOOK NUMBER | |
| International Standard Book Number | 0393977757 |
| 040 ## - CATALOGING SOURCE | |
| Original cataloging agency | BD-DhBUF |
| Transcribing agency | BD-DhBUF |
| 100 ## - MAIN ENTRY--PERSONAL NAME | |
| Personal name | Hanning, Barbara Russano |
| 9 (RLIN) | 3901 |
| 245 ## - TITLE STATEMENT | |
| Title | Concise history of western music / |
| Statement of responsibility, etc. | Barbara Russano Hanning |
| 250 ## - EDITION STATEMENT | |
| Edition statement | 2nd ed. |
| 260 ## - PUBLICATION, DISTRIBUTION, ETC. | |
| Place of publication, distribution, etc. | New York : |
| Name of publisher, distributor, etc. | W.W. Norton , |
| Date of publication, distribution, etc. | C2002 |
| 300 ## - PHYSICAL DESCRIPTION | |
| Extent | xiv, 618p. : |
| Dimensions | 26 cm. ; |
| 650 ## - SUBJECT ADDED ENTRY--TOPICAL TERM | |
| Topical term or geographic name entry element | Music-History and criticism |
| 9 (RLIN) | 3621 |
| 942 ## - ADDED ENTRY ELEMENTS (KOHA) | |
| Source of classification or shelving scheme | Dewey Decimal Classification |
| Koha item type | Books |
| Withdrawn status | Lost status | Source of classification or shelving scheme | Damaged status | Not for loan | Home library | Current library | Date acquired | Total Checkouts | Full call number | Barcode | Date last seen | Copy number | Price effective from | Koha item type |
|---|---|---|---|---|---|---|---|---|---|---|---|---|---|---|
| Dewey Decimal Classification | BUFT Library | BUFT Library | 02/02/2008 | 781.68 H2431c 2002 | 2008-0023 | 08/25/2025 | C-1 | 08/25/2025 | Books | |||||
| Dewey Decimal Classification | BUFT Library | BUFT Library | 02/02/2008 | 781.68 H2431c 2002 | 2008-0024 | 08/25/2025 | C-2 | 08/25/2025 | Books |
